| 000 | 00450nam a2200181Ia 4500 | ||
|---|---|---|---|
| 001 | 11573 | ||
| 005 | 20260306162838.0 | ||
| 008 | 260306t1984||||xx |||||||||||||| ||spa|| | ||
| 041 | _aESP | ||
| 082 |
_a985.094 _bH442 |
||
| 100 |
_aHidalgo Morey, Teodoro _eAUT |
||
| 245 | 0 | _aEl conflicto de la Cordillera del Cóndor - 1981 | |
| 260 | _c1984 | ||
| 300 |
_a154 páginas : _c21cm. |
||
| 650 | _aGEN | ||
| 654 | _aCHU | ||
| 942 |
_cLIB _dJUS _fJUS _2ddc _n |
||
| 999 |
_c11573 _d11573 |
||